000 00768cab a2200265 4500
001 WB3028-47
008 090401t1994 xxu||||| |||| 00| 0 eng d
035 _a(Sirsi) u10672
041 _aeng
245 _aExtending you garden isn`t roses all the way
260 _c1994
350 _a0
490 _aIndependent
_v16 July 1994, 17(1)
520 _aHighlights the legal implications of buying adjoining land to extend one`s garden.
650 _aADDING VALUE
650 _aANCIENT LIGHTS
650 _aBoundary disputes
_96221
650 _aCHANGE OF USE
650 _aEXCHANGE OF LAND
650 _aRights of light
_96267
690 _aHIGHWAYS RIGHTS OF WAY AND EASEMENTS
690 _aPROPERTY LAW AND PRACTICE
942 _n0
948 _c04/03/1997
999 _c6767
_d6767